00757nam a2200241 a 4500001001300000003000900013005001700022008004100039020002300080082001600103100002600119245005500145260004700200300000900247500003500256505001700291650003200308700002600340902000800366942000700374952011700381999001700498nice12345678IN_TiNIC20260116013802.0050524s1984 newa grp 000 0 eng  a0819106 c73500a200.72bNEW aNewell, William Lloyd aTruth Is Our Maskb an Essay on Theological Method aNew YorkbUniversity Press of Americc1984 a138p aincludes index and biblioraphy2 aBibliography aReligion-Study and Teaching1 aNewell, William Lloyd bSRS cBK 001040708StackRoom-aHMIbHMId2007-07-31g735.00l0o200.72 NEWp015049r2007-07-31v735.00w2005-05-24yBK c12490d12490